Mujeres viajeras : política, derechos y aventuras desde miradas pioneras. 1864-1920 /
Guardado en:
| Autor Principal: | |
|---|---|
| Otros Autores: | , , , , , , |
| Formato: | Libro |
| Idioma: | Undetermined |
| Publicado: |
Buenos Aires :
Adriana Hidalgo,
2021.
|
| Series: | Biografías y testimonios
|
| Materias: | |
| Etiquetas: |
Agregar Etiqueta
Sin Etiquetas, Sea el primero en etiquetar este registro!
|
| LEADER | 01793nam a22003135a 4500 | ||
|---|---|---|---|
| 001 | CEM.cems019965 | ||
| 008 | 230404s2021####ag############000#0#und#d | ||
| 005 | 20251106155214.0 | ||
| 245 | 1 | 0 | |a Mujeres viajeras : |b política, derechos y aventuras desde miradas pioneras. 1864-1920 / |c Eduardo Mansilla y otros; selección, introducción, traducción y notas por Luisa Borovsky. |
| 260 | |a Buenos Aires : |b Adriana Hidalgo, |c 2021. | ||
| 300 | |a 200 p. | ||
| 490 | 1 | |a Biografías y testimonios | |
| 505 | 0 | |a Viajera distinguida en "Yankeeland", selección de Recuerdos de viaje / Eduarda Mansilla -- Claroscuros de la vida en Santa Fe, selección de El Río Paraná. Cinco años en la República Argentina / Lina Beck-Bernard -- De los Estados Unidos a Cuba, selección de Viaje a Estados Unidos -- Hazañas en la Patagonia, selección de Travesía en la Patagonia / Florence Dixie -- La mirada de una sufragisdta norteamericana, selección de Cinco meses en la Argentina desde el punto de vista de una mujer / Katherine Dreier -- Una maestra precursora del turismo aventura, selección de Paisajes cordilleranos / Ada Elflein -- Cuando es forzoso partir, selección de Historia de un ideal vivido por una mujer / Juana Rouco | |
| 020 | |a 9789878388403 | ||
| 100 | 1 | |a Mansilla, Eduarda. | |
| 700 | 1 | |a Beck-Bernard, Lina. | |
| 700 | 1 | |a Manso, Juana. | |
| 700 | 1 | |a Dixie, Florence. | |
| 700 | 1 | |a Dreier, Katherine. | |
| 700 | 1 | |a Elflein, Ada. | |
| 700 | 1 | |a Buela, Juana Rouco. | |
| 700 | 1 | |a Borovsky, Luisa; prol. | |
| 653 | |a Literatura | ||
| 653 | |a Relatos | ||
| 653 | |a Historias de viajes | ||
| 653 | |a Derechos | ||
| 653 | |a Historia Argentina | ||
| 859 | |a CEMS |b BIB. CEMS - 11 de abril |h A868.4 |i M317 |p 30440.25 |t Ej.1 | ||
| 859 | |a CEMS |b BIB. CEMS - Agricultura |h A868.4 |i M317 |p A331.21 |t Ej.1 | ||
